000 00685nam a2200241Ia 4500
003 OSt
005 20220923220437.0
006 a|||||r|||| 00| 0
007 ta
008 220922b |||||||| |||| 00| 0 hin d
024 _a186,700
037 _cTextual
040 _aARTS
_cARTS
_bhin
041 _2hin
_ahin
082 _aX, 152L21
100 _aसिन्हा, वी सी
245 0 _aउन्नत आर्थिक सिद्वान्त
246 _aUnnat ārthik sidvānta
250 _aसंशो संस्क0 2
260 _c1972
942 _hX, 152L21
_cTEXL
_2CC
999 _c339943
_d339943